[Event "Euskadi-ch Seniors 29th"]
[Site "Zarautz"]
[Date "2019.06.23"]
[Round "5"]
[White "Otano Villanueva, Joseba"]
[Black "Llorente Munoz, Carlos"]
[Result "1-0"]
[WhiteElo "1709"]
[BlackElo "1454"]
[PlyCount "110"]
[EventDate "2019.06.22"]
[EventType "swiss"]
[EventRounds "6"]
[EventCountry "ESP"]
[SourceTitle "CBM 192 Extra"]
[Source "Chessbase"]
[SourceDate "2019.11.06"]
[SourceVersion "1"]
[SourceVersionDate "2019.11.06"]
[SourceQuality "1"]

1. d4 Nf6 2. g3 g6 3. Bg2 Bg7 4. Nf3 d6 5. 0-0 0-0 6. c4 c5 7. Nc3 Nc6 8. d5 Na5 9. Qd3 b6 10. b3 Bf5 11. Qd1 Ne4 12. Nxe4 Bxa1 13. Ned2 Bg7 14. e4 Bd7 15. h4 b5 16. Re1 bxc4 17. bxc4 Rb8 18. e5 Bg4 19. Qe2 Bxe5 20. Qd3 Bg7 21. Nh2 Bf5 22. Qe2 Re8 23. g4 Bd7 24. Qd3 e6 25. dxe6 Rxe6 26. Rxe6 Bxe6 27. h5 Be5 28. f3 gxh5 29. Bf1 Qh4 30. Qe2 Bd4+ 31. Kh1 hxg4 32. Qg2 h5 33. Ne4 Be5 34. f4 Bg7 35. Ng5 Rb1 36. Be3 Rxf1+ 37. Qxf1 Bxc4 38. Qg2 g3 39. Ngf3 Bd5 40. Nxh4 Bxg2+ 41. Kxg2 gxh2 42. Kxh2 Nc4 43. Bc1 Kf8 44. f5 Be5+ 45. Kg2 Ke7 46. Bh6 Nb6 47. Be3 c4 48. Bh6 c3 49. Kf3 Kd7 50. Ke4 Bf6 51. Bf4 d5+ 52. Kd3 d4 53. Bc1 Nd5 54. Nf3 Nb4+ 55. Ke4 Nxa2 1-0

[Event "Euskadi-ch"]
[Site "Pamplona"]
[Date "2018.04.07"]
[Round "6"]
[White "Otano Villanueva, Joseba"]
[Black "Segura del Frago, Imanol"]
[Result "0-1"]
[WhiteElo "1734"]
[BlackElo "2019"]
[PlyCount "34"]
[EventDate "2018.04.02"]
[EventType "swiss"]
[EventRounds "7"]
[EventCountry "ESP"]
[SourceTitle "EXT 2021"]
[Source "ChessBase"]
[SourceDate "2020.10.23"]
[SourceVersion "1"]
[SourceVersionDate "2020.10.23"]
[SourceQuality "1"]

1. e4 c5 2. b3 e6 3. Bb2 d5 4. exd5 exd5 5. d4 cxd4 6. Bb5+ Nc6 7. Qe2+ Be6 8. Nf3 Bb4+ 9. Nbd2 Nf6 10. Nxd4 0-0 11. c3 Nxd4 12. cxd4 Ne4 13. 0-0-0 Rc8+ 14. Bc4 Nxd2 15. Rxd2 Bxd2+ 16. Kxd2 dxc4 17. b4 Re8 0-1

[Event "Euskadi-ch"]
[Site "Pamplona"]
[Date "2018.04.04"]
[Round "3"]
[White "Otano Villanueva, Joseba"]
[Black "Sola Plaza, Gregorio"]
[Result "0-1"]
[WhiteElo "1734"]
[BlackElo "1804"]
[PlyCount "52"]
[EventDate "2018.04.02"]
[EventType "swiss"]
[EventRounds "7"]
[EventCountry "ESP"]
[SourceTitle "EXT 2021"]
[Source "ChessBase"]
[SourceDate "2020.10.23"]
[SourceVersion "1"]
[SourceVersionDate "2020.10.23"]
[SourceQuality "1"]

1. e4 d5 2. exd5 Nf6 3. Bb5+ Bd7 4. Bc4 Bg4 5. f3 Bf5 6. Nc3 c6 7. dxc6 Nxc6 8. d3 Qb6 9. g4 Bg6 10. g5 Nd7 11. Nd5 Qd8 12. Bd2 e6 13. Nc3 Nd4 14. Ne4 Qc7 15. c3 Nf5 16. Qb3 0-0-0 17. 0-0-0 Ne5 18. h4 Bh5 19. Bxe6+ fxe6 20. Qxe6+ Kb8 21. d4 Nxd4 22. Qh3 Ndxf3 23. Rf1 Nxd2 24. Nxd2 Nd3+ 25. Kc2 Bg6 26. Rf5 Nf2 0-1

[Event "Navarra-chT"]
[Site "Navarra"]
[Date "2016.10.22"]
[Round "3.4"]
[White "Otano Villanueva, Joseba"]
[Black "Lopez Orois, Jose Manuel"]
[Result "0-1"]
[WhiteElo "1713"]
[BlackElo "2081"]
[PlyCount "34"]
[EventDate "2016.10.08"]
[EventType "team-tourn"]
[EventRounds "7"]
[EventCountry "ESP"]
[SourceTitle "CBM 175 Extra"]
[Source "ChessBase"]
[SourceDate "2016.12.12"]
[SourceVersion "1"]
[SourceVersionDate "2016.12.12"]
[SourceQuality "1"]
[WhiteTeam "Arrano Elkartea"]
[BlackTeam "San Juan"]
[WhiteTeamCountry "ESP"]
[BlackTeamCountry "ESP"]

1. d4 d5 2. Nf3 Nf6 3. c4 e6 4. g3 Be7 5. Bg2 0-0 6. 0-0 dxc4 7. Ne5 Nc6 8. Bxc6 bxc6 9. Nxc6 Qd6 10. Nxe7+ Qxe7 11. Qa4 Qd6 12. e3 Ne4 13. Nd2 Nxd2 14. Bxd2 Rb8 15. Bc3 Qd5 16. Qxa7 Qf3 17. d5 e5 0-1

[Event "Navarra-chTA"]
[Site "Pamplona"]
[Date "2015.11.21"]
[Round "7.4"]
[White "Oyaga Valencia, Jesus Maria"]
[Black "Otano Villanueva, Joseba"]
[Result "0-1"]
[WhiteElo "1666"]
[BlackElo "1704"]
[PlyCount "46"]
[EventDate "2015.10.10"]
[EventType "team-tourn"]
[EventRounds "7"]
[EventCountry "ESP"]
[SourceTitle "CBM 169 Extra"]
[Source "ChessBase"]
[SourceDate "2015.12.18"]
[SourceVersion "1"]
[SourceVersionDate "2015.12.18"]
[SourceQuality "1"]
[WhiteTeam "Mikel Gurea"]
[BlackTeam "Arrano Elkartea"]
[WhiteTeamCountry "ESP"]
[BlackTeamCountry "ESP"]

1. d4 Nf6 2. c4 g6 3. Nc3 Bg7 4. e4 d6 5. f4 0-0 6. Nf3 c6 7. Bd3 Re8 8. 0-0 e5 9. fxe5 dxe5 10. Nxe5 Qxd4+ 11. Kh1 Qxe5 12. Bf4 Qe7 13. Qf3 Bg4 14. Qg3 Qd7 15. Rae1 Nh5 16. Qe3 Nxf4 17. Qxf4 Be5 18. Qe3 Qc7 19. Qg5 Be6 20. h4 Nd7 21. h5 Qd8 22. Qh6 Qh4+ 23. Kg1 Bh2+ 0-1

[Event "Navarra-chTA"]
[Site "Pamplona"]
[Date "2015.10.24"]
[Round "3.6"]
[White "Otano Villanueva, Joseba"]
[Black "Rodriguez Montes, Sostenes"]
[Result "0-1"]
[WhiteElo "1704"]
[BlackElo "1805"]
[PlyCount "70"]
[EventDate "2015.10.10"]
[EventType "team-tourn"]
[EventRounds "7"]
[EventCountry "ESP"]
[SourceTitle "CBM 169 Extra"]
[Source "ChessBase"]
[SourceDate "2015.12.18"]
[SourceVersion "1"]
[SourceVersionDate "2015.12.18"]
[SourceQuality "1"]
[WhiteTeam "Arrano Elkartea"]
[BlackTeam "Runa"]
[WhiteTeamCountry "ESP"]
[BlackTeamCountry "ESP"]

1. d4 d5 2. g3 e6 3. Bg2 Nf6 4. Nf3 c5 5. 0-0 cxd4 6. Nxd4 Be7 7. Nd2 Qb6 8. c3 e5 9. N4b3 a5 10. Nf3 a4 11. Nbd2 Nc6 12. Qc2 e4 13. Nd4 Nxd4 14. cxd4 Qxd4 15. e3 Qb6 16. b3 a3 17. h3 0-0 18. Rd1 Be6 19. Nf1 Rfc8 20. Qe2 Bd7 21. Bd2 Bb5 22. Qe1 Bd3 23. Rac1 Bc2 24. Bc3 Bxd1 25. Qxd1 Qe6 26. Nh2 Rc6 27. Bd4 Rxc1 28. Qxc1 Rc8 29. Qe1 Nd7 30. Bf1 Bd6 31. Qd2 Be5 32. Kg2 Bxd4 33. exd4 h5 34. Qb4 Qf6 35. Qxa3 Rc2 0-1

[Event "Navarra-chTA"]
[Site "Pamplona"]
[Date "2015.10.10"]
[Round "1.5"]
[White "Sanchez Salazar, Kiko"]
[Black "Otano Villanueva, Joseba"]
[Result "1/2-1/2"]
[WhiteElo "1873"]
[BlackElo "1704"]
[PlyCount "100"]
[EventDate "2015.10.10"]
[EventType "team-tourn"]
[EventRounds "7"]
[EventCountry "ESP"]
[SourceTitle "CBM 169 Extra"]
[Source "ChessBase"]
[SourceDate "2015.12.18"]
[SourceVersion "1"]
[SourceVersionDate "2015.12.18"]
[SourceQuality "1"]
[WhiteTeam "San Juan"]
[BlackTeam "Arrano Elkartea"]
[WhiteTeamCountry "ESP"]
[BlackTeamCountry "ESP"]

1. e4 d6 2. d4 Nf6 3. Nc3 g6 4. Bd3 c6 5. Nge2 Nbd7 6. 0-0 e5 7. Be3 Bg7 8. f3 0-0 9. Qd2 Re8 10. Kh1 b5 11. a3 a5 12. g4 Bb7 13. Ng3 Nxg4 14. Bg5 f6 15. fxg4 fxg5 16. d5 cxd5 17. Nxd5 Bxd5 18. exd5 Qb6 19. c3 Qb7 20. Qxg5 Nc5 21. Qe3 Qxd5+ 22. Be4 Nxe4 23. Qxe4 Qb3 24. Rf2 d5 25. Qc2 Qc4 26. Rd1 Rac8 27. Qd3 d4 28. cxd4 Qxd3 29. Rxd3 Rc1+ 30. Kg2 e4 31. Rc3 Rd1 32. Nxe4 Bxd4 33. Nf6+ Bxf6 34. Rxf6 Rd2+ 35. Kg3 Rxb2 36. Ra6 a4 37. Rb6 g5 38. Rb7 h6 39. h4 Rd8 40. h5 Rbd2 41. Rf3 R2d3 42. Rxb5 Rxf3+ 43. Kxf3 Rd3+ 44. Ke4 Rxa3 45. Kf5 Rc3 46. Rb6 Kh7 47. Rb7+ Kg8 48. Ra7 Rc5+ 49. Kg6 Rc6+ 50. Kf5 Rc5+ 1/2-1/2

[Event "Navarra-ch"]
[Site "Pamplona"]
[Date "2014.04.05"]
[Round "2"]
[White "Rey Fuentes, Juan Maria"]
[Black "Otano Villanueva, Joseba"]
[Result "0-1"]
[WhiteElo "1574"]
[BlackElo "1713"]
[PlyCount "162"]
[EventDate "2014.03.29"]
[EventType "swiss"]
[EventRounds "8"]
[EventCountry "ESP"]
[SourceTitle "EXT 2016"]
[Source "ChessBase"]
[SourceDate "2015.10.08"]
[SourceVersion "1"]
[SourceVersionDate "2015.10.08"]
[SourceQuality "1"]

1. e4 d5 2. exd5 Qxd5 3. Nc3 Qa5 4. Nf3 c6 5. d4 Nf6 6. Bd3 Bg4 7. Bd2 Qc7 8. h3 Bh5 9. Bg5 Nd5 10. Nxd5 cxd5 11. g4 Bg6 12. c3 Bxd3 13. Qxd3 h5 14. gxh5 Rxh5 15. h4 Nc6 16. Qf5 Qd7 17. Qxd7+ Kxd7 18. Rg1 f6 19. Be3 e5 20. dxe5 fxe5 21. 0-0-0 e4 22. Ng5 Ne7 23. Rg4 b6 24. Nxe4 Kc6 25. Ng3 Rh7 26. h5 Ng8 27. Rg6+ Bd6 28. Bf4 Nf6 29. Bxd6 Kxd6 30. Nf5+ Ke6 31. Nxg7+ Kf7 32. Rdg1 Nxh5 33. Nxh5 Rxh5 34. Rg7+ Kf6 35. Kd2 Rf5 36. R1g6+ Ke5 37. Rg5 a5 38. Rxf5+ Kxf5 39. Kd3 Rh8 40. Rf7+ Ke5 41. a3 Rh3+ 42. f3 Rh2 43. b4 Ra2 44. bxa5 bxa5 45. f4+ Ke6 46. Rf8 Rxa3 47. f5+ Ke5 48. Kc2 a4 49. f6 Ke6 50. f7 Ra2+ 51. Kb1 Rf2 52. Re8+ Kxf7 53. Re3 Kf6 54. Re8 Rf4 55. Kb2 Rc4 56. Re1 Kf5 57. Re8 Kf4 58. Re7 Kf3 59. Re5 a3+ 60. Kb3 Rc5 61. Ka2 Kf4 62. Rh5 Ke4 63. Rh4+ Kd3 64. Rh3+ Kc2 65. Rh2+ Kxc3 66. Rh3+ Kc4 67. Kxa3 Rb5 68. Rh5 Rb8 69. Rh7 d4 70. Rc7+ Kd3 71. Rd7 Kc3 72. Rc7+ Kd2 73. Rd7 d3 74. Rd6 Kc2 75. Rc6+ Kd1 76. Rc5 d2 77. Rd5 Ke2 78. Re5+ Kd3 79. Rd5+ Ke3 80. Re5+ Kd4 81. Re7 Rd8 0-1

[Event "Huarte Puente Foral op 8th"]
[Site "Huarte"]
[Date "2013.12.07"]
[Round "6"]
[White "Diaz Redondo, Isidoro"]
[Black "Otano Villanueva, Joseba"]
[Result "0-1"]
[WhiteElo "1571"]
[BlackElo "1675"]
[PlyCount "56"]
[EventDate "2013.12.03"]
[EventType "swiss"]
[EventRounds "7"]
[EventCountry "ESP"]
[SourceTitle "EXT 2016"]
[Source "ChessBase"]
[SourceDate "2015.10.08"]
[SourceVersion "1"]
[SourceVersionDate "2015.10.08"]
[SourceQuality "1"]

1. e4 e5 2. Nf3 Nc6 3. Bc4 Bc5 4. 0-0 d6 5. h3 Nf6 6. Nc3 0-0 7. d3 h6 8. Na4 Bb6 9. Nxb6 axb6 10. a3 Be6 11. Ba2 Bxa2 12. Rxa2 d5 13. exd5 Qxd5 14. Ra1 Rad8 15. Be3 e4 16. dxe4 Qxe4 17. Qc1 Rfe8 18. Re1 Qg6 19. c3 Na5 20. Bf4 Nd5 21. Rxe8+ Rxe8 22. Nd4 c5 23. b4 cxd4 24. bxa5 Nxc3 25. Qd2 bxa5 26. Kh2 Qe4 27. Bc7 a4 28. Ba5 Qe5+ 0-1

[Event "Huarte Puente Foral op 8th"]
[Site "Huarte"]
[Date "2013.12.04"]
[Round "2"]
[White "De Pablos Fernandez, Mariano"]
[Black "Otano Villanueva, Joseba"]
[Result "0-1"]
[WhiteElo "1969"]
[BlackElo "1675"]
[PlyCount "106"]
[EventDate "2013.12.03"]
[EventType "swiss"]
[EventRounds "7"]
[EventCountry "ESP"]
[SourceTitle "EXT 2016"]
[Source "ChessBase"]
[SourceDate "2015.10.08"]
[SourceVersion "1"]
[SourceVersionDate "2015.10.08"]
[SourceQuality "1"]

1. d4 Nf6 2. Nf3 g6 3. g3 Bg7 4. Bg2 c6 5. 0-0 0-0 6. c4 d6 7. Nc3 Bg4 8. h3 Bd7 9. e4 e5 10. dxe5 dxe5 11. Qe2 Nh5 12. Rd1 Qc8 13. Kh2 Na6 14. b3 Nc7 15. Ba3 Re8 16. Rd3 f5 17. Rad1 Be6 18. Ng5 f4 19. g4 Nf6 20. f3 h6 21. Nxe6 Nxe6 22. Qd2 Bf8 23. Bxf8 Rxf8 24. b4 Qc7 25. c5 Qh7 26. Rd6 Nd4 27. Ne2 Ne8 28. Nxd4 Nxd6 29. Ne6 Nb5 30. Nxf8 Rxf8 31. a4 Nd4 32. Qb2 Qg7 33. b5 Rd8 34. Kh1 Qe7 35. Bf1 Qxc5 36. Rc1 Qe7 37. bxc6 bxc6 38. a5 Kg7 39. a6 Nxf3 40. Qb7 Rd7 41. Qxc6 Nd4 42. Qc5 Kf6 43. Qc8 h5 44. Qh8+ Qg7 45. Qc8 hxg4 46. hxg4 Qh7+ 47. Kg2 f3+ 48. Kg3 Kg5 49. Kf2 Qh2+ 50. Ke3 Nf5+ 51. gxf5 Qf4+ 52. Kf2 Rd2+ 53. Be2 Qh2+ 0-1

[Event "Pamplona Navarra Preferente op"]
[Site "Pamplona"]
[Date "2013.05.18"]
[Round "6"]
[White "Larrea Reta, Javier"]
[Black "Otano Villanueva, Joseba"]
[Result "0-1"]
[WhiteElo "1860"]
[BlackElo "1652"]
[PlyCount "80"]
[EventDate "2013.04.13"]
[EventType "swiss"]
[EventRounds "7"]
[EventCountry "ESP"]
[SourceTitle "CBM 154 Extra"]
[Source "ChessBase"]
[SourceDate "2013.06.25"]
[SourceVersion "2"]
[SourceVersionDate "2013.06.25"]
[SourceQuality "1"]

1. e4 e5 2. Nf3 Nc6 3. d4 exd4 4. Nxd4 Bc5 5. Be3 Qf6 6. c3 Nge7 7. Bb5 0-0 8. Nxc6 dxc6 9. Bxc5 cxb5 10. 0-0 b6 11. Be3 Be6 12. Nd2 Rad8 13. Qf3 Qg6 14. Qg3 Rd7 15. Qxg6 Nxg6 16. Nf3 Bc4 17. Rfd1 Rfd8 18. Rxd7 Rxd7 19. h3 c5 20. b4 cxb4 21. cxb4 f6 22. a4 bxa4 23. Rxa4 Bd3 24. Nd2 Ne5 25. Ra2 g5 26. f4 gxf4 27. Bxf4 Nc6 28. Rb2 Re7 29. Bg3 Bxe4 30. Bf2 f5 31. Kh2 Ne5 32. Bh4 Re6 33. Rb3 Ng6 34. Bf2 Kf7 35. Rc3 Re7 36. Nf1 Ke6 37. Ne3 Rd7 38. g4 f4 39. Nf1 Ne5 40. Rb3 Nf3+ 0-1

[Event "Huarte Puente Foral op 7th"]
[Site "Huarte"]
[Date "2012.12.06"]
[Round "3"]
[White "Otano Villanueva, Joseba"]
[Black "Vera Balague, Gabriel"]
[Result "0-1"]
[WhiteElo "1730"]
[BlackElo "1911"]
[PlyCount "90"]
[EventDate "2012.12.04"]
[EventType "swiss"]
[EventRounds "7"]
[EventCountry "ESP"]
[SourceTitle "EXT 2016"]
[Source "ChessBase"]
[SourceDate "2015.10.08"]
[SourceVersion "1"]
[SourceVersionDate "2015.10.08"]
[SourceQuality "1"]

1. e4 Nf6 2. Nc3 d5 3. e5 Ne4 4. Nf3 Nxc3 5. dxc3 Bf5 6. Be2 c5 7. 0-0 e6 8. b3 Be7 9. c4 d4 10. Ne1 Be4 11. f4 d3 12. cxd3 Qd4+ 13. Kh1 Qxa1 14. dxe4 Nc6 15. Nf3 Rd8 16. Qc2 Nb4 17. Qb2 Qxa2 18. f5 Qxb2 19. Bxb2 Nd3 20. Bc3 Nf4 21. Bd1 Nd3 22. f6 Nf2+ 23. Rxf2 Rxd1+ 24. Ng1 Bd8 25. g3 g6 26. Kg2 Bc7 27. Nf3 0-0 28. Ra2 a6 29. Bd2 Rd8 30. Be3 R8d3 31. Bxc5 Rxb3 32. Bg1 Rdb1 33. Bd4 Rd3 34. c5 a5 35. Rc2 Rb4 36. c6 b5 37. Bg1 Rc4 38. Rxc4 bxc4 39. Nd4 Bxe5 40. Nb5 c3 41. Bd4 c2 42. Bxe5 Rd2+ 43. Kh3 c1Q 44. c7 Rc2 45. Bf4 Qf1+ 0-1

[Event "Navarra-chT Primera Gp1"]
[Site "Navarra"]
[Date "2012.10.13"]
[Round "1.2"]
[White "Larrea Reta, Javier"]
[Black "Otano Villanueva, Joseba"]
[Result "1-0"]
[WhiteElo "1858"]
[BlackElo "1730"]
[PlyCount "89"]
[EventDate "2012.10.13"]
[EventType "team-swiss"]
[EventRounds "5"]
[EventCountry "ESP"]
[SourceTitle "EXT 2014"]
[Source "ChessBase"]
[SourceDate "2013.11.20"]
[SourceVersion "1"]
[SourceVersionDate "2013.11.20"]
[SourceQuality "1"]
[WhiteTeam "Sancho El Fuerte Tiebas"]
[BlackTeam "Arrano Elkartea"]
[WhiteTeamCountry "ESP"]
[BlackTeamCountry "ESP"]

1. e4 e5 2. Nf3 Nc6 3. d4 exd4 4. Nxd4 Bc5 5. Be3 Qf6 6. c3 Nh6 7. Be2 Nxd4 8. cxd4 Bb6 9. 0-0 c6 10. Nc3 d6 11. f3 Bd7 12. Qd2 Qg6 13. Kh1 f6 14. Na4 Bc7 15. Nc3 0-0 16. Bxh6 gxh6 17. f4 Kh8 18. f5 Qg5 19. Qxg5 hxg5 20. Bc4 h5 21. Be6 Be8 22. Rac1 Kg7 23. Rfd1 h4 24. a3 a6 25. b4 Rh8 26. a4 h3 27. g3 Bd8 28. Rb1 a5 29. b5 b6 30. bxc6 Bxc6 31. d5 Be8 32. Rbc1 Be7 33. Rb1 Rb8 34. Rdc1 Bf7 35. Nb5 Bxe6 36. fxe6 Rhc8 37. Rc6 Rxc6 38. dxc6 Rc8 39. c7 Kg6 40. g4 f5 41. exf5+ Kf6 42. Rc1 Bd8 43. Nxd6 Rxc7 44. Rxc7 Bxc7 45. Ne8+ 1-0

[Event "Huarte Puente Foral op-B 4th"]
[Site "Huarte"]
[Date "2009.12.03"]
[Round "3"]
[White "Jimenez Almeida, Luis David"]
[Black "Otano Villanueva, Joseba"]
[Result "1-0"]
[WhiteElo "1839"]
[BlackElo "1812"]
[PlyCount "73"]
[EventDate "2009.12.01"]
[EventType "swiss"]
[EventRounds "8"]
[EventCountry "ESP"]
[SourceTitle "EXT 2016"]
[Source "ChessBase"]
[SourceDate "2015.10.08"]
[SourceVersion "1"]
[SourceVersionDate "2015.10.08"]
[SourceQuality "1"]

1. e4 e5 2. Nf3 Nc6 3. d4 exd4 4. Bc4 h6 5. 0-0 d6 6. Nxd4 Nxd4 7. Qxd4 Be6 8. Nc3 Bxc4 9. Qxc4 c6 10. Bf4 g5 11. Bg3 h5 12. Qd4 Rh6 13. h3 h4 14. Bh2 Qd7 15. f3 Nf6 16. Rfe1 Nh5 17. Rad1 Rg6 18. Ne2 b6 19. c4 0-0-0 20. Kh1 f5 21. exf5 Qxf5 22. Qg4 Qxg4 23. hxg4 Nf6 24. Nd4 Kd7 25. Ne6 d5 26. Nxd8 Kxd8 27. Be5 Nd7 28. cxd5 c5 29. b3 Rh6 30. Bc3 Rh7 31. Re6 Be7 32. d6 Bf8 33. Bf6+ Nxf6 34. Rxf6 Rh8 35. Rf7 Rg8 36. Rxa7 b5 37. d7 1-0

[Event "Huarte Puente Foral op-B 4th"]
[Site "Huarte"]
[Date "2009.12.02"]
[Round "2"]
[White "Otano Villanueva, Joseba"]
[Black "Jimenez Penafiel, Gustavo"]
[Result "1/2-1/2"]
[WhiteElo "1812"]
[BlackElo "1702"]
[PlyCount "102"]
[EventDate "2009.12.01"]
[EventType "swiss"]
[EventRounds "8"]
[EventCountry "ESP"]
[SourceTitle "EXT 2016"]
[Source "ChessBase"]
[SourceDate "2015.10.08"]
[SourceVersion "1"]
[SourceVersionDate "2015.10.08"]
[SourceQuality "1"]

1. d4 d5 2. c4 c6 3. cxd5 cxd5 4. Nc3 Nf6 5. Nf3 Nc6 6. e3 Bg4 7. Qb3 Rb8 8. Ne5 e6 9. Bb5 Qc7 10. f3 Bf5 11. e4 dxe4 12. Bf4 Bd6 13. g4 Bg6 14. h4 exf3 15. h5 Be4 16. Nxe4 Nxe4 17. Qxf3 Qa5+ 18. Kd1 Qxb5 19. Qxe4 Nxe5 20. dxe5 Bc5 21. a4 Qb4 22. Qxb4 Bxb4 23. Kc2 0-0 24. Kb3 Rbd8 25. Rhd1 Bc5 26. Bg5 Rd4 27. Rxd4 Bxd4 28. Re1 h6 29. Be7 Re8 30. Bd6 f6 31. Re4 fxe5 32. Bxe5 Bxe5 33. Rxe5 Kf7 34. Ra5 a6 35. Rc5 Re7 36. Kc4 Rd7 37. b4 Kf6 38. b5 axb5+ 39. axb5 e5 40. b6 Ke6 41. Kc3 Kd6 42. Rc8 Re7 43. Kd3 Rf7 44. Ke3 Rf4 45. g5 Rf7 46. g6 Re7 47. Ke4 Ke6 48. Rf8 Rd7 49. Rc8 Re7 50. Rc5 Kd6 51. Rd5+ Ke6 1/2-1/2

[Event "Huarte Puente Foral op-B 4th"]
[Site "Huarte"]
[Date "2009.12.01"]
[Round "1"]
[White "Tetimov, Ivan"]
[Black "Otano Villanueva, Joseba"]
[Result "1-0"]
[WhiteElo "1962"]
[BlackElo "1812"]
[PlyCount "131"]
[EventDate "2009.12.01"]
[EventType "swiss"]
[EventRounds "8"]
[EventCountry "ESP"]
[SourceTitle "EXT 2016"]
[Source "ChessBase"]
[SourceDate "2015.10.08"]
[SourceVersion "1"]
[SourceVersionDate "2015.10.08"]
[SourceQuality "1"]

1. d4 d5 2. Nf3 Bf5 3. g3 e6 4. Bg2 Nf6 5. 0-0 Be7 6. b3 c6 7. c4 Nbd7 8. Nc3 Qa5 9. Bb2 dxc4 10. bxc4 Qb4 11. Qb3 Qxb3 12. axb3 Bc2 13. Nd2 Bg6 14. d5 exd5 15. cxd5 Ne5 16. Nc4 Nxc4 17. bxc4 0-0 18. dxc6 bxc6 19. Bxc6 Rac8 20. Nd5 Bd8 21. Nxf6+ Bxf6 22. Bxf6 Rxc6 23. Bd4 Rxc4 24. Bxa7 h6 25. Rfc1 Rfc8 26. Be3 Rc2 27. Rxc2 Rxc2 28. Kf1 Bf5 29. Rc1 Ra2 30. Rd1 Be6 31. f3 Bc4 32. Bd2 Ra6 33. Kf2 Kh7 34. Rc1 Be6 35. h4 Ra2 36. Bc3 Kg6 37. Bd4 Ra4 38. Ke3 Ra3+ 39. Rc3 Ra2 40. Rd3 Bc4 41. Rd2 Ra3+ 42. Kf4 Ra4 43. e4 f6 44. Bc5 Bb5 45. Rb2 Bc6 46. Rb6 Be8 47. Rb7 h5 48. Bf8 Bf7 49. g4 Ra5 50. Rc7 Rb5 51. Bc5 Be8 52. Bf8 Bf7 53. Kg3 Ra5 54. gxh5+ Rxh5 55. f4 f5 56. e5 Rh8 57. Bxg7 Rg8 58. Bf6 Bd5 59. Rd7 Bc6 60. Rd6 Kf7+ 61. Bg5 Be4 62. h5 Kg7 63. Rd7+ Kf8 64. Kh4 Bc6 65. Rc7 Be8 66. Bh6+ 1-0

[Event "San Juan op"]
[Site "San Juan"]
[Date "2008.06.21"]
[Round "1"]
[White "Pap, Misa"]
[Black "Otano Villanueva, Joseba"]
[Result "1-0"]
[WhiteElo "2498"]
[BlackElo "1860"]
[PlyCount "79"]
[EventDate "2008.06.21"]
[EventType "swiss"]
[EventRounds "9"]
[EventCountry "ESP"]
[SourceTitle "CBM 125 Extra"]
[Source "ChessBase"]
[SourceDate "2008.09.01"]
[SourceVersion "1"]
[SourceVersionDate "2008.09.01"]
[SourceQuality "1"]

1. e4 e5 2. Nf3 Nc6 3. Bc4 Bc5 4. c3 Nf6 5. d3 h6 6. b4 Bb6 7. a4 a6 8. 0-0 d6 9. Qb3 0-0 10. h3 Nh5 11. Be3 Qf6 12. Qd1 Nf4 13. Kh2 Be6 14. Nbd2 d5 15. exd5 Bxd5 16. Ne4 Qe6 17. Bxf4 exf4 18. Ned2 Rad8 19. Re1 Qf5 20. d4 Rfe8 21. Qb3 Qd7 22. Rxe8+ Qxe8 23. Bxd5 Rd7 24. Bxc6 bxc6 25. a5 Ba7 26. Re1 Re7 27. Rxe7 Qxe7 28. Qc4 c5 29. bxc5 c6 30. Qxa6 Qc7 31. Ne5 Bb8 32. Qxc6 Qd8 33. Ndf3 f6 34. Qe6+ Kh7 35. Qf5+ Kg8 36. Qe6+ Kh7 37. Nc6 Qc7 38. a6 h5 39. Qe4+ Kh8 40. Qe8+ 1-0

[Event "Absoluto Preferente"]
[Site "Spain"]
[Date "1999.??.??"]
[Round "4"]
[White "Mombiela Martinez, Gonzalo"]
[Black "Otano Villanueva, Joseba"]
[Result "0-1"]
[WhiteElo "1945"]
[BlackElo "1770"]
[PlyCount "68"]
[EventDate "1999.??.??"]
[EventType "swiss"]
[EventRounds "9"]
[EventCountry "ESP"]
[SourceTitle "EXT 2003"]
[Source "ChessBase"]
[SourceDate "2002.11.25"]
[SourceVersion "1"]
[SourceVersionDate "2002.11.25"]
[SourceQuality "1"]

1. e4 e6 2. d3 d5 3. Nd2 dxe4 4. dxe4 Bc5 5. Ngf3 Nf6 6. Bc4 0-0 7. 0-0 b6 8. e5 Nd5 9. Ne4 Be7 10. Bg5 Bb7 11. Bd3 Nb4 12. Bxe7 Qxe7 13. Qe2 Nxd3 14. cxd3 Rd8 15. Rfd1 Nd7 16. Rac1 Rac8 17. a3 Bxe4 18. Qxe4 c5 19. h3 Nf8 20. d4 cxd4 21. Nxd4 Rxc1 22. Rxc1 Qd7 23. Nc6 Qd2 24. Qc2 Qxc2 25. Rxc2 Rd7 26. Nb4 g5 27. g3 a5 28. Na2 Rd5 29. f4 Rd1+ 30. Kg2 gxf4 31. gxf4 Rd4 32. Rf2 Ng6 33. Kg3 h5 34. Nc3 h4+ 0-1

[Event "Absoluto Preferente"]
[Site "Spain"]
[Date "1999.??.??"]
[Round "5"]
[White "Otano Villanueva, Joseba"]
[Black "De Pablos Fernandez, Mariano"]
[Result "1/2-1/2"]
[WhiteElo "1770"]
[BlackElo "2070"]
[PlyCount "135"]
[EventDate "1999.??.??"]
[EventType "swiss"]
[EventRounds "9"]
[EventCountry "ESP"]
[SourceTitle "EXT 2003"]
[Source "ChessBase"]
[SourceDate "2002.11.25"]
[SourceVersion "1"]
[SourceVersionDate "2002.11.25"]
[SourceQuality "1"]

1. e4 e5 2. Nf3 Nf6 3. Nxe5 d6 4. Nf3 Nxe4 5. Qe2 Qe7 6. d3 Nf6 7. Be3 Bg4 8. Nbd2 Nc6 9. 0-0-0 0-0-0 10. h3 Bh5 11. g4 Bg6 12. Nh4 Qe6 13. Nxg6 hxg6 14. Nb3 d5 15. g5 Nh5 16. h4 Kb8 17. Bh3 Qd6 18. Qg4 Ne5 19. Qa4 a6 20. Nc5 d4 21. Ne4 Qb4 22. Qxb4 Bxb4 23. Bd2 Bxd2+ 24. Nxd2 Nf4 25. Bf1 Ng4 26. Ne4 f5 27. gxf6 gxf6 28. f3 Ne3 29. Re1 f5 30. Ng5 Rd5 31. Kd2 c5 32. Rxe3 dxe3+ 33. Kxe3 Ne6 34. Bg2 Nxg5 35. hxg5 Rxh1 36. Bxh1 Re5+ 37. Kd2 f4 38. Bg2 Rxg5 39. Bh3 Rg3 40. Bg4 Kc7 41. a3 Kd6 42. b4 cxb4 43. axb4 Ke5 44. Kc3 b5 45. d4+ Kd5 46. Kd3 Rxg4 47. fxg4 f3 48. c3 f2 49. Ke2 f1Q+ 50. Kxf1 Ke4 51. Ke2 g5 52. Kd2 Kf4 53. Kd3 Kxg4 54. Ke4 Kh5 55. Kf5 g4 56. Kf4 Kh4 57. d5 g3 58. d6 g2 59. d7 g1Q 60. d8Q+ Kh3 61. Qh8+ Kg2 62. Qg7+ Kf1 63. Qd4 Qh2+ 64. Ke4 Qe2+ 65. Kd5 Ke1 66. Kc6 Qd2 67. Kb7 Qa2 68. Qg1+ 1/2-1/2